000 01054nam a2200277 i 4500
001 190758
003 ES-MaACL
005 20240201120401.0
008 220628s2004 sp a s001 0dspa
020 _a84-00-07773-3
080 _a929-055.2(460)"19":5/6
100 1 _aMagallón Portolés, Carmen.
_9141367
245 1 0 _aPioneras españolas en las ciencias :
_blas mujeres del Instituto Nacional de Física y Química /
_cCarmen Magallón Portolés.
250 _a1ª reimp.
260 _aMadrid :
_bConsejo Superior de Investigaciones Científicas,
_c2004.
300 _a406 p. :
_bil. ;
_c21 cm.
490 1 _aEstudios sobre la ciencia ;
_v24
500 _aÍndices.
504 _aBibliografía: p. 357-380.
650 4 _aCientíficas-
_zEspaña-
_yS.XX.
_911001
710 2 _aConsejo Superior de Investigaciones Científicas (España)
_93236
830 1 _aEstudios sobre la ciencia ;
_v24
_9177850
852 4 _aES-MaACL
_jA-14978
_9197940
_bR.153457
_cDEPO1
_dOlim: N-7978
_hDonación Editorial
942 _2udc
999 _c190758
_d190758